000
00335 a2200157 4500
001
183148
020
_a
040
_c
Magnum
100
_a
Anchieta, José de
240
1
0
_a
O auto de são Lourenço
_l
por
245
1
0
_a
O auto de são Lourenço
300
_a
112
440
1
_a
Ediouro
697
_a
LITERATURA GERAL
942
_c
BK
999
_c
183148
_d
183148